[Event "Damen Bundesliga 2011/12"]
[Site "Jenbach"]
[Date "2012.03.01"]
[Round "1"]
[Board "1"]
[White "Maienschein, Sarah"]
[Black "Rampler, Evelyn"]
[Result "1/2-1/2"]
[WhiteElo "1732"]
[BlackElo "1845"]
[PlyCount "87"]
[EventDate "2012.03.01"]
[EventType "team"]
[EventRounds "7"]
[EventCountry "AUT"]
[WhiteTeam "Tschaturanga Wien"]
[BlackTeam "Apoptosis Wien"]

1. e4 c5 2. Nc3 Nc6 3. f4 d6 4. Nf3 g6 5. Bc4 Na5 6. Bb5+ Bd7 7. Bxd7+ Qxd7 8.
d3 Bg7 9. O-O e6 10. Qe1 Nc6 11. a3 Nge7 12. Bd2 O-O 13. Qg3 a6 14. Rab1 b5 15.
Qh3 Nd4 16. Nxd4 Bxd4+ 17. Kh1 f5 18. Ne2 Bh8 19. Be3 Nc6 20. Rg1 Nd4 21. Nxd4
cxd4 22. Bd2 Rac8 23. Rbc1 Rc6 24. c3 dxc3 25. bxc3 Qc8 26. Rc2 Rf7 27. exf5
exf5 28. Rgc1 d5 29. Qf3 Rd7 30. Qd1 Qf8 31. Ra2 Qf7 32. d4 Re7 33. h3 Rce6 34.
Qb3 Re2 35. a4 bxa4 36. Qxa4 Qe6 37. Rg1 Bf6 38. Bc1 Rxa2 39. Qxa2 Bh4 40. Bd2
Bf2 41. Ra1 Qb6 42. Qb1 Qd6 43. Qf1 Ra7 44. h4 1/2-1/2

[Event "Damen Bundesliga 2011/12"]
[Site "Jenbach"]
[Date "2012.03.01"]
[Round "1"]
[Board "2"]
[White "Landl, Margot"]
[Black "Froewis, Annika"]
[Result "0-1"]
[WhiteElo "1782"]
[BlackElo "1978"]
[PlyCount "80"]
[EventDate "2012.03.01"]
[EventType "team"]
[EventRounds "7"]
[EventCountry "AUT"]
[WhiteTeam "SV Schachamazonen Graz"]
[BlackTeam "Vorarlberg"]

1. e4 e5 2. Nf3 Nc6 3. Bb5 a6 4. Ba4 Nf6 5. O-O Be7 6. Re1 b5 7. Bb3 d6 8. c3
O-O 9. h3 Na5 10. Bc2 c5 11. d4 Qc7 12. Be3 Nc4 13. Qc1 cxd4 14. cxd4 Nxe3 15.
fxe3 Bb7 16. Nbd2 Rac8 17. Bd3 Qb6 18. Qd1 exd4 19. exd4 Nh5 20. Kh2 Nf4 21.
Nb3 Rfe8 22. Qd2 Ng6 23. Re2 Bf6 24. Rc1 b4 25. e5 Bxf3 26. gxf3 Bh4 27. Rf1
dxe5 28. Bxg6 Qxg6 29. Rg2 Qd6 30. Rfg1 exd4+ 31. Kh1 Bf6 32. Qh6 g6 33. h4 Bg7
34. Qd2 Qf6 35. h5 Qxf3 36. hxg6 Qh5+ 37. Rh2 Qd5+ 38. Rhg2 hxg6 39. Qxb4 Re2
40. Kh2 Qh5+ 0-1

[Event "Damen Bundesliga 2011/12"]
[Site "Jenbach"]
[Date "2012.03.01"]
[Round "1"]
[Board "1"]
[White "Novkovic, Julia"]
[Black "Horvath, Reka"]
[Result "1/2-1/2"]
[WhiteElo "2085"]
[BlackElo "2052"]
[PlyCount "119"]
[EventDate "2012.03.01"]
[EventType "team"]
[EventRounds "7"]
[EventCountry "AUT"]
[WhiteTeam "ASVOE Pamhagen"]
[BlackTeam "SpG. Feldbach"]

1. e4 c5 2. Nf3 d6 3. d4 cxd4 4. Nxd4 Nf6 5. Nc3 g6 6. Bc4 Bg7 7. h3 O-O 8. Bb3
a6 9. O-O Nbd7 10. Re1 Re8 11. Nd5 e6 12. Nxf6+ Bxf6 13. c3 b5 14. a4 bxa4 15.
Bxa4 Bb7 16. Nf3 Qc7 17. Bf4 e5 18. Bg5 Bxg5 19. Nxg5 h6 20. Nf3 Red8 21. Qd2
Kg7 22. Bb3 Nc5 23. Bd5 Rab8 24. Ra2 Bc6 25. b4 Na4 26. Bb3 Nb6 27. Rxa6 Ra8
28. Rxa8 Rxa8 29. Qc2 Bb5 30. Nd2 Nc4 31. Nxc4 Bxc4 32. Qb2 Rc8 33. Re3 Ra8 34.
Bxc4 Qxc4 35. Qe2 Qb3 36. Rf3 Ra1+ 37. Kh2 Qb1 38. Qc4 Qh1+ 39. Kg3 Ra7 40. Qc8
h5 41. Qd8 Qb1 42. Qf6+ Kh7 43. Re3 Rd7 44. Kh2 Qc2 45. g4 h4 46. Qxh4+ Kg7 47.
Qg3 Ra7 48. g5 Ra1 49. Qf3 Qc1 50. Qg2 Ra3 51. h4 Rxc3 52. Qf3 Rxe3 53. Qxe3
Qb1 54. Qf3 Qxb4 55. Kg3 Qd4 56. Kg4 Qc4 57. Qf6+ Kg8 58. Qd8+ Kg7 59. Qf6+ Kg8
60. Qd8+ 1/2-1/2

[Event "Damen Bundesliga 2011/12"]
[Site "Jenbach"]
[Date "2012.03.01"]
[Round "1"]
[Board "2"]
[White "Wilfling, Sandra"]
[Black "Hapala, Lisa"]
[Result "0-1"]
[WhiteElo "1742"]
[BlackElo "1942"]
[PlyCount "80"]
[EventDate "2012.03.01"]
[EventType "team"]
[EventRounds "7"]
[EventCountry "AUT"]
[WhiteTeam "SpG. Feldbach"]
[BlackTeam "ASVOE Pamhagen"]

1. d4 d5 2. c4 c6 3. Nf3 Nf6 4. Nc3 dxc4 5. a4 Bf5 6. e3 e6 7. Bxc4 Bb4 8. O-O
Nbd7 9. Qe2 O-O 10. Bd2 Bg6 11. Ne4 Bxd2 12. Nexd2 Re8 13. Rfd1 Qc7 14. b4 e5
15. dxe5 Nxe5 16. Nxe5 Rxe5 17. Qe1 Rh5 18. h3 Bc2 19. Rdc1 Bf5 20. Be2 Rh6 21.
Bf1 Ng4 22. f4 Nf6 23. Qf2 Rd8 24. Rd1 Bc2 25. Rdc1 Be4 26. Rc4 Qe7 27. b5 Rg6
28. Nf3 Nd5 29. Re1 Nb6 30. Rcc1 Nxa4 31. Ra1 cxb5 32. Bxb5 Nc3 33. Bc4 b5 34.
Bb3 b4 35. Ne5 Rxg2+ 36. Qxg2 Bxg2 37. Bxf7+ Kf8 38. Kxg2 Rd2+ 39. Kg3 Ne4+ 40.
Kf3 Qb7 0-1

[Event "Damen Bundesliga 2011/12"]
[Site "Jenbach"]
[Date "2012.03.01"]
[Round "1"]
[Board "1"]
[White "Newrkla, Katharina"]
[Black "Mira, Helene"]
[Result "1-0"]
[WhiteElo "2156"]
[BlackElo "2083"]
[PlyCount "131"]
[EventDate "2012.03.01"]
[EventType "team"]
[EventRounds "7"]
[EventCountry "AUT"]
[WhiteTeam "ASVOE Wulkaprodersdorf"]
[BlackTeam "Freundinnen Tirol"]

1. e4 e5 2. Nf3 Nc6 3. Bb5 a6 4. Ba4 Nf6 5. O-O Be7 6. Re1 b5 7. Bb3 d6 8. c3
O-O 9. h3 Nb8 10. d4 Nbd7 11. Nbd2 Bb7 12. Bc2 Re8 13. Nf1 Bf8 14. Ng3 g6 15.
a4 Bg7 16. d5 Bf8 17. b3 c6 18. c4 bxc4 19. bxc4 cxd5 20. cxd5 Nc5 21. a5 Bc8
22. Be3 Bd7 23. Qd2 Bb5 24. Nh2 Rc8 25. Ra3 h5 26. Bg5 Be7 27. Nf3 Nh7 28. Bh6
Kh8 29. Be3 Bf6 30. Nf1 Kg8 31. g4 hxg4 32. hxg4 Kf8 33. g5 Bg7 34. N1h2 Ke7
35. Ng4 Rh8 36. Kg2 Nf8 37. Nfh2 Qd7 38. Qd1 Qc7 39. Qf3 Nfd7 40. Nh6 Rcf8 41.
N2g4 Nb7 42. Rc1 Nbc5 43. Bd2 Ke8 44. Qg3 Rh7 45. f3 Bh8 46. Ba4 Ke7 47. Bxb5
axb5 48. Rh1 Ke8 49. Rb1 Ke7 50. Rh1 Ke8 51. Qe1 f6 52. gxf6 Nxf6 53. Nxf6+
Bxf6 54. Ng4 Rxh1 55. Nxf6+ Rxf6 56. Qxh1 Qa7 57. a6 Nxe4 58. Be3 Nc5 59. Qb1
b4 60. Qxb4 Rf7 61. Bxc5 dxc5 62. Qe4 Rf5 63. d6 Rg5+ 64. Kf1 c4 65. Qc6+ Kf8
66. Qc8+ 1-0

[Event "Damen Bundesliga 2011/12"]
[Site "Jenbach"]
[Date "2012.03.01"]
[Round "1"]
[Board "2"]
[White "Schnegg, Anna-Lena"]
[Black "Exler, Veronika"]
[Result "0-1"]
[WhiteElo "2017"]
[BlackElo "2123"]
[PlyCount "96"]
[EventDate "2012.03.01"]
[EventType "team"]
[EventRounds "7"]
[EventCountry "AUT"]
[WhiteTeam "Freundinnen Tirol"]
[BlackTeam "ASVOE Wulkaprodersdorf"]

1. e4 c6 2. d4 d5 3. Nc3 dxe4 4. Nxe4 Bf5 5. Nc5 b6 6. Nb3 e6 7. g3 Bd6 8. Nf3
Nf6 9. c4 Nbd7 10. Bg2 Qc7 11. O-O O-O 12. h3 Rad8 13. Nh4 Be4 14. f3 Bg6 15.
Nxg6 hxg6 16. f4 c5 17. Be3 cxd4 18. Nxd4 Bc5 19. Qe2 Nb8 20. Rfd1 e5 21. Nb5
Bxe3+ 22. Qxe3 Qxc4 23. Nd6 exf4 24. Nxc4 fxe3 25. Nxe3 Na6 26. Nd5 Nxd5 27.
Bxd5 Nb4 28. Bb3 Rfe8 29. Rf1 Re7 30. Rad1 Rdd7 31. a3 Nd3 32. Rd2 Ne5 33. Rxd7
Nxd7 34. Bd5 Nf6 35. Bc4 Re4 36. b3 Re7 37. Rd1 Nd7 38. Kf2 Ne5 39. Rd8+ Kh7
40. Rf8 g5 41. Rc8 g6 42. Bb5 Kg7 43. Re8 Rxe8 44. Bxe8 a6 45. b4 b5 46. a4 Kf8
47. axb5 Kxe8 48. bxa6 Nc4 0-1

[Event "Damen Bundesliga 2011/12"]
[Site "Jenbach"]
[Date "2012.03.02"]
[Round "2"]
[Board "1"]
[White "Rampler, Evelyn"]
[Black "Mira, Helene"]
[Result "0-1"]
[WhiteElo "1845"]
[BlackElo "2083"]
[PlyCount "68"]
[EventDate "2012.03.01"]
[EventType "team"]
[EventRounds "7"]
[EventCountry "AUT"]
[WhiteTeam "Apoptosis Wien"]
[BlackTeam "Freundinnen Tirol"]

1. e4 e5 2. Bc4 Nf6 3. d3 Nc6 4. a3 d5 5. exd5 Nxd5 6. Ne2 Bc5 7. Nbc3 Be6 8.
Ne4 Be7 9. Ba2 O-O 10. f4 f5 11. Nf2 Nxf4 12. Nxf4 Bxa2 13. Rxa2 exf4 14. O-O
g5 15. c3 Qd5 16. Ra1 Ne5 17. d4 Nc4 18. Re1 Bf6 19. Qh5 Qf7 20. Qf3 Rae8 21.
Rxe8 Rxe8 22. Nd3 c6 23. Bxf4 gxf4 24. Qxf4 Re3 25. Qxf5 Re1+ 26. Rxe1 Bxd4+
27. cxd4 Qxf5 28. Nc5 b6 29. Ne4 Nxb2 30. Nd6 Qd3 31. Re8+ Kg7 32. Re7+ Kf6 33.
Rf7+ Ke6 34. Nc4 Qxd4+ 0-1

[Event "Damen Bundesliga 2011/12"]
[Site "Jenbach"]
[Date "2012.03.02"]
[Round "2"]
[Board "2"]
[White "Schnegg, Anna-Lena"]
[Black "Tschida, Verena"]
[Result "1-0"]
[WhiteElo "2017"]
[BlackElo "1654"]
[PlyCount "33"]
[EventDate "2012.03.01"]
[EventType "team"]
[EventRounds "7"]
[EventCountry "AUT"]
[WhiteTeam "Freundinnen Tirol"]
[BlackTeam "Apoptosis Wien"]

1. e4 e5 2. Nf3 Nc6 3. Bb5 d6 4. d4 exd4 5. Nxd4 Bd7 6. O-O Nf6 7. Nc3 a6 8.
Bxc6 bxc6 9. Re1 c5 10. Nf5 g6 11. Nd5 Be6 12. Bg5 Bxd5 13. exd5+ Kd7 14. Qf3
h6 15. Nxh6 Rxh6 16. Bxh6 Bxh6 17. Qh3+ 1-0

[Event "Damen Bundesliga 2011/12"]
[Site "Jenbach"]
[Date "2012.03.02"]
[Round "2"]
[Board "1"]
[White "Horvath, Reka"]
[Black "Newrkla, Katharina"]
[Result "1/2-1/2"]
[WhiteElo "2052"]
[BlackElo "2156"]
[PlyCount "80"]
[EventDate "2012.03.01"]
[EventType "team"]
[EventRounds "7"]
[EventCountry "AUT"]
[WhiteTeam "SpG. Feldbach"]
[BlackTeam "ASVOE Wulkaprodersdorf"]

1. e4 e5 2. Nf3 Nc6 3. d4 exd4 4. Nxd4 Nf6 5. Nxc6 bxc6 6. e5 Qe7 7. Qe2 Nd5 8.
c4 Ba6 9. g3 g6 10. b3 Bg7 11. Bb2 O-O-O 12. Bg2 Rhe8 13. O-O Bxe5 14. Qxe5
Qxe5 15. Bxe5 Rxe5 16. cxd5 Bxf1 17. Kxf1 cxd5 18. Nc3 c6 19. Rc1 Kb8 20. Na4
Rde8 21. Nc5 R8e7 22. Bf3 f5 23. h4 Rf7 24. b4 Re8 25. Nd3 Rfe7 26. a4 Rc8 27.
a5 Kb7 28. Nc5+ Kc7 29. Rb1 Kd6 30. Na6 Rce8 31. Rd1 Re5 32. Nc5 Rb8 33. Nd3
Ree8 34. Be2 Re7 35. Rb1 Re4 36. Rb2 Rd4 37. Ke1 Re8 38. Kd2 Rb8 39. Ke1 Re8
40. Kd2 Rb8 1/2-1/2

[Event "Damen Bundesliga 2011/12"]
[Site "Jenbach"]
[Date "2012.03.02"]
[Round "2"]
[Board "2"]
[White "Exler, Veronika"]
[Black "Wilfling, Sandra"]
[Result "1-0"]
[WhiteElo "2123"]
[BlackElo "1742"]
[PlyCount "87"]
[EventDate "2012.03.01"]
[EventType "team"]
[EventRounds "7"]
[EventCountry "AUT"]
[WhiteTeam "ASVOE Wulkaprodersdorf"]
[BlackTeam "SpG. Feldbach"]

1. e4 c5 2. c3 Nf6 3. e5 Nd5 4. d4 cxd4 5. Nf3 e6 6. cxd4 d6 7. Bc4 Nb6 8. Bb3
Nc6 9. O-O Be7 10. Qe2 O-O 11. Nc3 d5 12. Bc2 Bd7 13. Qd3 g6 14. a3 a6 15. Bh6
Re8 16. b3 Na7 17. Rfc1 Nb5 18. a4 Nxc3 19. Qxc3 Rc8 20. Qd2 Bc6 21. Qf4 Bf8
22. h4 Nd7 23. h5 Bxh6 24. Qxh6 Nf8 25. g3 Re7 26. Kg2 Be8 27. Bd3 Rxc1 28.
Rxc1 Rc7 29. Rxc7 Qxc7 30. Nh2 Qe7 31. Ng4 Kh8 32. Nf6 Bc6 33. Kh3 Be8 34. f4
a5 35. Kg4 b6 36. Kf3 Bc6 37. g4 Be8 38. Ke3 Bd7 39. Be2 Be8 40. Bd3 Bc6 41. f5
exf5 42. gxf5 Bb7 43. hxg6 fxg6 44. fxg6 1-0

[Event "Damen Bundesliga 2011/12"]
[Site "Jenbach"]
[Date "2012.03.02"]
[Round "2"]
[Board "1"]
[White "Schmidbauer, Andrea"]
[Black "Horvath, Maria"]
[Result "0-1"]
[WhiteElo "1896"]
[BlackElo "2019"]
[PlyCount "62"]
[EventDate "2012.03.01"]
[EventType "team"]
[EventRounds "7"]
[EventCountry "AUT"]
[WhiteTeam "SV Schachamazonen Graz"]
[BlackTeam "ASVOE Pamhagen"]

1. e4 d5 2. exd5 Qxd5 3. Nf3 Nf6 4. Nc3 Qd6 5. Be2 c6 6. O-O Bg4 7. d3 Nbd7 8.
Be3 e5 9. Re1 Be7 10. Ng5 Bf5 11. Bf3 O-O 12. a3 a6 13. Qe2 Nd5 14. Nge4 Qc7
15. Bd2 Rae8 16. Nxd5 cxd5 17. Ng3 Be6 18. Rac1 f5 19. c4 dxc4 20. dxc4 e4 21.
Nxe4 fxe4 22. Bxe4 Bc5 23. Be3 Bxe3 24. fxe3 Nf6 25. Bf3 Bf7 26. e4 Nd7 27. b4
Ne5 28. c5 Rd8 29. Red1 Rxd1+ 30. Rxd1 Rd8 31. Qb2 Nxf3+ 0-1

[Event "Damen Bundesliga 2011/12"]
[Site "Jenbach"]
[Date "2012.03.02"]
[Round "2"]
[Board "2"]
[White "Hapala, Lisa"]
[Black "Landl, Margot"]
[Result "1-0"]
[WhiteElo "1942"]
[BlackElo "1782"]
[PlyCount "83"]
[EventDate "2012.03.01"]
[EventType "team"]
[EventRounds "7"]
[EventCountry "AUT"]
[WhiteTeam "ASVOE Pamhagen"]
[BlackTeam "SV Schachamazonen Graz"]

1. e4 c6 2. d4 d5 3. Nc3 dxe4 4. Nxe4 Bf5 5. Ng3 Bg6 6. Nf3 Nd7 7. h4 h6 8. h5
Bh7 9. Bd3 Bxd3 10. Qxd3 e6 11. Bd2 Ngf6 12. O-O-O Be7 13. Ne4 Nxe4 14. Qxe4
Nf6 15. Qd3 O-O 16. g4 Qd5 17. c4 Qe4 18. Qb3 Nxg4 19. Rde1 Qf5 20. Reg1 Nxf2
21. Bxh6 Nd3+ 22. Kd2 Qxf3 23. Rxg7+ Kh8 24. Qxd3 Qxd3+ 25. Kxd3 Bf6 26. Rg3
Rfd8 27. Be3 c5 28. Rg4 Rd7 29. Kc3 cxd4+ 30. Bxd4 Bxd4+ 31. Rxd4 Rad8 32. Rhd1
Rxd4 33. Rxd4 Rb8 34. Rd7 Kg7 35. Kd4 b5 36. c5 a5 37. c6 Rc8 38. c7 Kf6 39. h6
e5+ 40. Kd5 e4 41. h7 e3 42. Rd8 1-0

[Event "Damen Bundesliga 2011/12"]
[Site "Jenbach"]
[Date "2012.03.02"]
[Round "2"]
[Board "1"]
[White "Maienschein, Sarah"]
[Black "Froewis, Annika"]
[Result "0-1"]
[WhiteElo "1732"]
[BlackElo "1978"]
[PlyCount "70"]
[EventDate "2012.03.01"]
[EventType "team"]
[EventRounds "7"]
[EventCountry "AUT"]
[WhiteTeam "Tschaturanga Wien"]
[BlackTeam "Vorarlberg"]

1. e4 e5 2. Nc3 Nc6 3. f4 exf4 4. Nf3 g5 5. h3 d6 6. d4 Bg7 7. Bc4 h5 8. h4 Bg4
9. Ne2 gxh4 10. Nxh4 Nxd4 11. Bxf4 Nxe2 12. Bxe2 Bxb2 13. Rb1 Qf6 14. Bd2 Be5
15. Nf3 Bg3+ 16. Kf1 Bxf3 17. Bxf3 Qd4 18. Qe2 Rb8 19. Rxh5 Rxh5 20. Bxh5 Nf6
21. Bf3 Ke7 22. Be3 Qa4 23. c4 Qa5 24. Rb5 Qc3 25. Rb1 Rh8 26. Kg1 b6 27. Bf2
Bxf2+ 28. Kxf2 Qd4+ 29. Kg3 Rg8+ 30. Kh2 Nd7 31. Rd1 Qe5+ 32. Kg1 Qc5+ 33. Kf1
Rh8 34. g3 Ne5 35. Rc1 Qa3 0-1

[Event "Damen Bundesliga 2011/12"]
[Site "Jenbach"]
[Date "2012.03.03"]
[Round "3"]
[Board "1"]
[White "Froewis, Annika"]
[Black "Zechner, Andrea"]
[Result "1/2-1/2"]
[WhiteElo "1978"]
[BlackElo "1951"]
[PlyCount "73"]
[EventDate "2012.03.01"]
[EventType "team"]
[EventRounds "7"]
[EventCountry "AUT"]
[WhiteTeam "Vorarlberg"]
[BlackTeam "Apoptosis Wien"]

1. e4 c6 2. d4 d5 3. Nc3 dxe4 4. Nxe4 Bf5 5. Ng3 Bg6 6. h4 h6 7. Nf3 Nd7 8. h5
Bh7 9. Bd3 Bxd3 10. Qxd3 Qc7 11. Bd2 e6 12. O-O-O Ngf6 13. Ne4 O-O-O 14. c4 c5
15. Nxf6 Nxf6 16. Bc3 cxd4 17. Bxd4 Bc5 18. Kb1 Bxd4 19. Nxd4 Qf4 20. g3 Qe5
21. f4 Qc5 22. Rhe1 Ng4 23. Qf3 Rxd4 24. Qxg4 Rhd8 25. Rc1 Rd2 26. Qxg7 Qxh5
27. Re5 Qh2 28. Rb5 a6 29. Rb3 Qh5 30. g4 Qg6+ 31. Qxg6 fxg6 32. Rh1 Rh8 33.
Rbh3 Rd4 34. Rxh6 Rxh6 35. Rxh6 Rxf4 36. Rxg6 Rxc4 37. Rxe6 1/2-1/2

[Event "Damen Bundesliga 2011/12"]
[Site "Jenbach"]
[Date "2012.03.03"]
[Round "3"]
[Board "2"]
[White "Rampler, Evelyn"]
[Black "Nagy, Laura"]
[Result "0-1"]
[WhiteElo "1845"]
[BlackElo "1924"]
[PlyCount "108"]
[EventDate "2012.03.01"]
[EventType "team"]
[EventRounds "7"]
[EventCountry "AUT"]
[WhiteTeam "Apoptosis Wien"]
[BlackTeam "Vorarlberg"]

1. e4 e5 2. Bc4 Nc6 3. Nc3 Bc5 4. Nf3 Nf6 5. O-O d6 6. d3 h6 7. Na4 Bb6 8. Nxb6
axb6 9. a3 Bg4 10. h3 Bh5 11. c3 O-O 12. Qe2 Nd7 13. Qe3 Kh8 14. Nd2 Bg6 15.
Qg3 Bh7 16. Nf3 Na5 17. Ba2 Nc5 18. Nd2 Nd7 19. Nf3 Nc5 20. Nd2 Nd7 21. Rd1 f5
22. exf5 Bxf5 23. d4 Nc6 24. Nf3 Qf6 25. dxe5 Ndxe5 26. Nxe5 Nxe5 27. Be3 Bh7
28. Bd4 Rae8 29. Bd5 c6 30. Ba2 b5 31. Re1 Re7 32. Rad1 Rfe8 33. Re3 c5 34.
Bxe5 Rxe5 35. Rxe5 Rxe5 36. Qg4 Bf5 37. Qf3 Qe7 38. Rd2 c4 39. b3 Bd3 40. bxc4
bxc4 41. Rb2 d5 42. Kh2 Qxa3 43. Rxb7 Rf5 44. Qg4 Qxc3 45. Qg6 Qe5+ 46. Qg3
Qxg3+ 47. Kxg3 Re5 48. Bb1 Bxb1 49. Rxb1 c3 50. Rc1 d4 51. f4 Rd5 52. Kf2 d3
53. Ke3 d2 54. Rd1 c2 0-1

[Event "Damen Bundesliga 2011/12"]
[Site "Jenbach"]
[Date "2012.03.03"]
[Round "3"]
[Board "1"]
[White "Horvath, Maria"]
[Black "Maienschein, Sarah"]
[Result "1-0"]
[WhiteElo "2019"]
[BlackElo "1732"]
[PlyCount "73"]
[EventDate "2012.03.01"]
[EventType "team"]
[EventRounds "7"]
[EventCountry "AUT"]
[WhiteTeam "ASVOE Pamhagen"]
[BlackTeam "Tschaturanga Wien"]

1. d4 d5 2. c4 c6 3. Nf3 Nf6 4. Nc3 e6 5. cxd5 exd5 6. Bg5 Be7 7. Qc2 O-O 8. e3
Bg4 9. Ne5 Bh5 10. Bd3 Bg6 11. Nxg6 hxg6 12. O-O Nbd7 13. Rab1 Nh7 14. Bxe7
Qxe7 15. b4 Ndf6 16. Na4 Ne4 17. Bxe4 dxe4 18. Qc5 Qe6 19. Rb2 Nf6 20. Rc1 Rfd8
21. Qc2 Rd5 22. Nc5 Qe7 23. a4 Rh5 24. b5 cxb5 25. Rxb5 Qc7 26. g3 Qc8 27. Nxe4
Qd7 28. Nxf6+ gxf6 29. Rxh5 gxh5 30. h4 b6 31. Qc6 Qxc6 32. Rxc6 Kg7 33. Rc7 f5
34. Kg2 Kf6 35. Kf3 Kg6 36. Kf4 f6 37. f3 1-0

[Event "Damen Bundesliga 2011/12"]
[Site "Jenbach"]
[Date "2012.03.03"]
[Round "3"]
[Board "1"]
[White "Kopinits, Anna-Christina"]
[Black "Klinkan, Elisabeth"]
[Result "1-0"]
[WhiteElo "2257"]
[BlackElo "1982"]
[PlyCount "177"]
[EventDate "2012.03.01"]
[EventType "team"]
[EventRounds "7"]
[EventCountry "AUT"]
[WhiteTeam "ASVOE Wulkaprodersdorf"]
[BlackTeam "SV Schachamazonen Graz"]

1. e4 c5 2. Nf3 Nc6 3. d4 cxd4 4. Nxd4 a6 5. Nc3 e6 6. Be2 Qc7 7. O-O Nf6 8.
Kh1 Nxd4 9. Qxd4 Bc5 10. Qd3 b5 11. Bg5 Bb7 12. f4 h6 13. Bh4 Bc6 14. Rae1 b4
15. Bxf6 gxf6 16. Nd1 Qb6 17. b3 Bb5 18. Qf3 Bc6 19. Bd3 Bd4 20. Ne3 Bxe3 21.
Rxe3 h5 22. Qe2 a5 23. f5 O-O-O 24. fxe6 fxe6 25. Rxf6 Qd4 26. Ref3 h4 27. h3
Kc7 28. Qe3 Qa1+ 29. Rf1 Qe5 30. Qf4 Qxf4 31. R6xf4 Rdg8 32. Kh2 Rg5 33. Rg4
Rc5 34. Rff4 Rch5 35. Kg1 Kb6 36. Kf2 Kc5 37. Ke3 Kd6 38. Rf6 Ke5 39. Rfg6 Kd6
40. R4g5 Rxg5 41. Rxg5 e5 42. Be2 Rf8 43. Bf3 Bb7 44. Rg4 Rh8 45. Rg7 Rc8 46.
Kd2 Rf8 47. Rg4 Rh8 48. Rg5 Rf8 49. c4 bxc3+ 50. Kxc3 Rc8+ 51. Kd2 Rf8 52. Rh5
Rf4 53. Ke3 Bc6 54. a3 Ke6 55. Rg5 Rf8 56. Rg4 Rb8 57. Bd1 Rh8 58. Rg6+ Ke7 59.
Be2 Rb8 60. Bc4 Rf8 61. Rg4 Rh8 62. Kd3 Rh6 63. Kc3 Kd6 64. b4 axb4+ 65. axb4
Kc7 66. b5 Bb7 67. Kb4 Kb6 68. Bd5 Bxd5 69. exd5 d6 70. Ka4 Rh7 71. Kb4 Rh6 72.
Rc4 Rg6 73. Rxh4 Rxg2 74. Rh6 Rb2+ 75. Kc4 Kc7 76. Rh7+ Kc8 77. h4 Kd8 78. h5
e4 79. Kd4 e3 80. Kxe3 Rxb5 81. Ke4 Ke8 82. h6 Kf8 83. Rd7 Kg8 84. Kf5 Rb1 85.
Rxd6 Rf1+ 86. Ke6 Kh7 87. Kd7 Rc1 88. Re6 Rc2 89. d6 1-0

[Event "Damen Bundesliga 2011/12"]
[Site "Jenbach"]
[Date "2012.03.03"]
[Round "3"]
[Board "2"]
[White "Landl, Margot"]
[Black "Newrkla, Katharina"]
[Result "1/2-1/2"]
[WhiteElo "1782"]
[BlackElo "2156"]
[PlyCount "83"]
[EventDate "2012.03.01"]
[EventType "team"]
[EventRounds "7"]
[EventCountry "AUT"]
[WhiteTeam "SV Schachamazonen Graz"]
[BlackTeam "ASVOE Wulkaprodersdorf"]

1. e4 e5 2. Nf3 Nc6 3. Bb5 a6 4. Ba4 Nf6 5. O-O Be7 6. Re1 b5 7. Bb3 d6 8. c3
O-O 9. h3 Nb8 10. d4 Nbd7 11. Nbd2 Bb7 12. Bc2 Re8 13. Nf1 d5 14. exd5 exd4 15.
Nxd4 Nxd5 16. Qd3 g6 17. Nf3 Bf6 18. Rxe8+ Qxe8 19. Bg5 Bxg5 20. Nxg5 Nf4 21.
Qd2 Nxg2 22. f3 Nh4 23. Qf4 h6 24. Nxf7 Nxf3+ 25. Kf2 Nfe5 26. Nxh6+ Kg7 27.
Ng4 Nxg4+ 28. Qxg4 Qf8+ 29. Kg1 Qc5+ 30. Qd4+ Qxd4+ 31. cxd4 Re8 32. Bd3 Nb6
33. Rc1 Nd5 34. Kf2 Re7 35. Nd2 Nf4 36. Bf1 Ne6 37. Nb3 Rf7+ 38. Kg1 Ng5 39.
Bg2 Bc8 40. Rc3 Ne6 41. Bd5 Re7 42. Re3 1/2-1/2

[Event "Damen Bundesliga 2011/12"]
[Site "Jenbach"]
[Date "2012.03.03"]
[Round "3"]
[Board "1"]
[White "Mira, Helene"]
[Black "Horvath, Reka"]
[Result "1-0"]
[WhiteElo "2083"]
[BlackElo "2052"]
[PlyCount "97"]
[EventDate "2012.03.01"]
[EventType "team"]
[EventRounds "7"]
[EventCountry "AUT"]
[WhiteTeam "Freundinnen Tirol"]
[BlackTeam "SpG. Feldbach"]

1. d4 Nf6 2. c4 g6 3. Nc3 Bg7 4. e4 d6 5. Be2 O-O 6. Nf3 e5 7. d5 a5 8. Bg5 h6
9. Bh4 Na6 10. Nd2 Bd7 11. a3 Qe8 12. b3 Nh7 13. g4 Nc5 14. O-O Kh8 15. b4 axb4
16. axb4 Na6 17. Rb1 Rg8 18. Kh1 Nf8 19. Rg1 g5 20. Bg3 Ng6 21. Nf1 Nf4 22. Ne3
Qe7 23. Bf3 Ra7 24. Ra1 Rga8 25. Qb1 Qf6 26. Bd1 Qg6 27. Nf5 Qh7 28. Nb5 Bxb5
29. cxb5 Nb8 30. Rxa7 Rxa7 31. b6 cxb6 32. Qc1 Na6 33. Qe3 Nc5 34. bxc5 dxc5
35. d6 Ne6 36. d7 Ra8 37. Qb3 Rd8 38. Qd5 b5 39. Qxb7 b4 40. Ba4 Bf6 41. Qd5 h5
42. Bxe5 Bxe5 43. Qxe5+ Kg8 44. Bb3 Rxd7 45. Bxe6 fxe6 46. Qxe6+ Kf8 47. Ra1
Ra7 48. Qd6+ Kg8 49. Qb8+ 1-0

[Event "Damen Bundesliga 2011/12"]
[Site "Jenbach"]
[Date "2012.03.03"]
[Round "3"]
[Board "2"]
[White "Wilfling, Sandra"]
[Black "Schnegg, Anna-Lena"]
[Result "0-1"]
[WhiteElo "1742"]
[BlackElo "2017"]
[PlyCount "50"]
[EventDate "2012.03.01"]
[EventType "team"]
[EventRounds "7"]
[EventCountry "AUT"]
[WhiteTeam "SpG. Feldbach"]
[BlackTeam "Freundinnen Tirol"]

1. d4 d5 2. c4 e6 3. Nc3 Be7 4. Nf3 Nf6 5. Bg5 O-O 6. e3 Nbd7 7. Rc1 a6 8. Bd3
dxc4 9. Bxc4 b5 10. Bd3 c5 11. Bxf6 Nxf6 12. dxc5 Bxc5 13. O-O Bb6 14. Qe2 Bb7
15. Rfd1 Qe7 16. a3 e5 17. e4 Ng4 18. Rf1 Rad8 19. h3 Nf6 20. Bb1 Nh5 21. Rfd1
Nf4 22. Qe1 Qf6 23. Nh2 Qg6 24. g4 Nxh3+ 25. Kg2 Nxf2 0-1

[Event "Damen Bundesliga 2011/12"]
[Site "Jenbach"]
[Date "2012.03.04"]
[Round "4"]
[Board "1"]
[White "Zechner, Andrea"]
[Black "Horvath, Reka"]
[Result "0-1"]
[WhiteElo "1951"]
[BlackElo "2052"]
[PlyCount "64"]
[EventDate "2012.03.01"]
[EventType "team"]
[EventRounds "7"]
[EventCountry "AUT"]
[WhiteTeam "Apoptosis Wien"]
[BlackTeam "SpG. Feldbach"]

1. d4 Nf6 2. c4 g6 3. Nc3 d5 4. cxd5 Nxd5 5. e4 Nxc3 6. bxc3 Bg7 7. Bc4 O-O 8.
Ne2 c5 9. O-O Nc6 10. Be3 Qc7 11. Rc1 Rd8 12. Qd2 a6 13. f4 b5 14. Bd3 c4 15.
Bb1 a5 16. Qe1 Ba6 17. d5 Na7 18. Bd4 b4 19. f5 Bxd4+ 20. Nxd4 Nb5 21. Nc6 Nxc3
22. Nxd8 Rxd8 23. fxg6 hxg6 24. Qf2 f6 25. Qh4 Kg7 26. Qg4 Qe5 27. Kh1 Rh8 28.
h3 b3 29. axb3 cxb3 30. Rf5 Qd4 31. d6 Ne2 32. Rc7 Qd1+ 0-1

[Event "Damen Bundesliga 2011/12"]
[Site "Jenbach"]
[Date "2012.03.04"]
[Round "4"]
[Board "2"]
[White "Wilfling, Sandra"]
[Black "Tschida, Verena"]
[Result "1-0"]
[WhiteElo "1742"]
[BlackElo "1654"]
[PlyCount "113"]
[EventDate "2012.03.01"]
[EventType "team"]
[EventRounds "7"]
[EventCountry "AUT"]
[WhiteTeam "SpG. Feldbach"]
[BlackTeam "Apoptosis Wien"]

1. d4 d5 2. c4 e6 3. Nc3 Nf6 4. Bg5 Be7 5. e3 h6 6. Bh4 O-O 7. Nf3 Nbd7 8. Rc1
c6 9. Bd3 b6 10. O-O Ba6 11. Qe2 Rc8 12. Rfd1 Nh7 13. Bxe7 Qxe7 14. e4 dxe4 15.
Nxe4 Nhf6 16. Ne5 Rfd8 17. Bb1 c5 18. Nxd7 Rxd7 19. dxc5 Rxd1+ 20. Rxd1 bxc5
21. b3 Nd5 22. Qd2 Nb4 23. Qd7 Nc6 24. Qxe7 Nxe7 25. Nxc5 Bxc4 26. bxc4 g6 27.
Ne4 Rxc4 28. f3 Nd5 29. Kf2 Kg7 30. Rd2 a5 31. Bc2 Rb4 32. Bb3 Ne7 33. Rd7 Nc6
34. Bxe6 Ne5 35. Rc7 Rb2+ 36. Kg3 g5 37. Bb3 h5 38. Rc2 h4+ 39. Kh3 Rxc2 40.
Bxc2 Kh6 41. Nf6 Kg7 42. Ng4 Nc6 43. g3 Nd4 44. Bd1 Nf5 45. Kg2 f6 46. Kf2 Kf7
47. Bb3+ Ke7 48. Ne3 hxg3+ 49. hxg3 Nd4 50. Nc4 Nc6 51. Ke3 f5 52. Ba4 Nb4 53.
a3 Na6 54. Nxa5 Nc5 55. Bc2 Kf8 56. Nc4 Ne6 57. a4 1-0